|
|
|
|
| LEADER |
01170nam a2200253 a 4500 |
| 008 |
091027s1985 ii v 000 0 eng d |
| 040 |
|
|
|a DLC
|c DLC
|d DLC
|
| 082 |
0 |
0 |
|a 346/.54/0436
|2 19
|
| 110 |
1 |
|
|a India (Republic).
|k Laws, statutes, etc.
|
| 245 |
1 |
0 |
|a Mulla on the Transfer of property act, 1882.
|
| 250 |
|
|
|a 7th ed./
|b by H. R. Khanna and P. M. Bakshi.
|
| 260 |
|
|
|a Mumbai, India :
|b N. M. Tripathi,
|c 1985.
|
| 300 |
|
|
|a cxxiv, 848 p. ;
|c 22 cm.
|
| 500 |
|
|
|a Running title: The Transfer of property act.
|
| 541 |
1 |
|
|e 00014688
|
| 650 |
|
0 |
|a Transfer (Law)
|z India.
|
| 700 |
1 |
|
|a Mulla, Dinshah Fardunji,
|c Sir,
|d 1868-1934.
|
| 700 |
1 |
|
|a Khanna, H. R.
|
| 700 |
1 |
|
|a Bakshi, P. M
|
| 740 |
0 |
|
|a Transfer of property act.
|
| 852 |
4 |
|
|a Ayesha Abed Library
|j General shelf
|
| 999 |
|
|
|c 4877
|d 4877
|
| 952 |
|
|
|0 0
|1 0
|2 ddc
|4 0
|6 346_540436000000000_MUL_1985
|7 0
|9 4699
|a BRACUL
|b BRACUL
|c GEN
|d 2009-10-27
|g 200.00
|l 15
|m 70
|o 346.540436 MUL
|p 3010014688
|r 2019-08-25
|s 2019-08-05
|t 1
|v 400.00
|w 2009-10-27
|y BK
|
| 952 |
|
|
|0 0
|1 0
|2 ddc
|4 0
|6 346_540436000000000_MUL_1985
|7 0
|9 4749
|a BRACUL
|b BRACUL
|c GEN
|d 2009-10-28
|g 200.00
|l 18
|m 93
|o 346.540436 MUL
|p 3010014687
|r 2026-05-04
|s 2026-04-25
|t 2
|v 400.00
|w 2009-10-28
|y BK
|